000 00843nam a2200253Ia 4500
003 OSt
005 20220930062513.0
006 a|||||r|||| 00| 0
007 ta
008 220926b |||||||| |||| 00| 0 eng d
024 _a1201
037 _cTheses
040 _aCRL
_cCRL
_beng
041 _2eng
_aeng
100 _aKapoor Anita
_9521344
110 _aUniversity of Delhi. Faculty of Science. Department of Botany
245 0 _aResponses of Trigonella foenum-graecum L. and glycine max (L.) Merr. to vesicular arbuscular mycorrhiza in relation to phosphorus and nitrogen
260 _c1987
650 _aBOTANY
700 _a Prof K G Mukherji Supervisor
700 _aUniversity of Delhi. Faculty of Science. Department of Botany
942 _cDIS
_2CC
999 _c855614
_d855614